000 00515nam a2200181Ia 4500
001 19851
005 20260306172723.0
008 260306t2015||||xx |||||||||||||| ||spa||
041 _aESP
082 _a341.2
_bP72
100 _aPoder Judicial del Perú
_eAUT
245 0 _aLa diversidad cultural en la agenda del poder judicial:
_ba propósito del IV y V congreso sobre justicia intercul
260 _c2015
300 _a255 páginas :
_c24 cm.
650 _aGEN
654 _aCDE
942 _cLIB
_dJUS
_fJUS
_2ddc
_n
999 _c19851
_d19851